To Study The Nephrotoxicity of Variable Doses of Colistin Sulfate in Rabbits and its Prevention with Alpha Tocopherol and Captopril / (Record no. 535801)

000 -LEADER
fixed length control field 00543nam a22001457a 4500
082 ## - DEWEY DECIMAL CLASSIFICATION NUMBER
Classification number 615
100 ## - MAIN ENTRY--PERSONAL NAME
Personal name Bader, Zarafshan
245 ## - TITLE STATEMENT
Title To Study The Nephrotoxicity of Variable Doses of Colistin Sulfate in Rabbits and its Prevention with Alpha Tocopherol and Captopril /
Statement of responsibility, etc. Zarafshan Bader.
260 ## - PUBLICATION, DISTRIBUTION, ETC.
Place of publication, distribution, etc. Islamabad :
Name of publisher, distributor, etc. AMC NUST,
Date of publication, distribution, etc. 2012.
300 ## - PHYSICAL DESCRIPTION
Extent 162 p. : ill. ;
Dimensions 30cm.
942 ## - ADDED ENTRY ELEMENTS (KOHA)
Source of classification or shelving scheme
Koha item type Thesis
650 ## - SUBJECT ADDED ENTRY--TOPICAL TERM
Topical term or geographic name entry element Pharmacology - M Phil Theses.
700 ## - ADDED ENTRY--PERSONAL NAME
Personal name Sup Akbar Waheed.
650 ## - SUBJECT ADDED ENTRY--TOPICAL TERM
-- 30568
700 ## - ADDED ENTRY--PERSONAL NAME
-- 30667
Holdings
Withdrawn status Lost status Source of classification or shelving scheme Damaged status Not for loan Permanent Location Current Location Shelving location Date acquired Full call number Barcode Date last seen Price effective from Non-public note Koha item type
          NUST School of Health Sciences (NSHS) NUST School of Health Sciences (NSHS) Thesis 09/23/2020 615 CL-T-6341 09/23/2020 09/23/2020 Minute Sheet No. 0929/02/CL/Survey/5 dated 23rd April 2024 E-MIN ID 114741 Thesis
          NUST School of Health Sciences (NSHS) NUST School of Health Sciences (NSHS) Thesis 09/23/2020 615 CL-T-6346 09/23/2020 09/23/2020 Minute Sheet No. 0929/02/CL/Survey/5 dated 23rd April 2024 E-MIN ID 114741 Thesis
          NUST School of Health Sciences (NSHS) NUST School of Health Sciences (NSHS) Thesis 09/23/2020 615 CL-T-6345 09/23/2020 09/23/2020 Minute Sheet No. 0929/02/CL/Survey/5 dated 23rd April 2024 E-MIN ID 114741 Thesis
© 2023 Central Library, National University of Sciences and Technology. All Rights Reserved.